000
00377nam a22001577a 4500
003
MPLRDC
005
20220104125104.0
008
210129b ||||| |||| 00| 0 eng d
082
_a
857.9 GL-65 v.1
100
_a
古龙
245
_a
铁胆柔情. 上
_c
260
_a
_b
桂冠图书有限公司
_c
300
_b
平
650
_a
武侠小说
942
_c
BK
_o
857.9 GL-65 v.1
999
_c
24556
_d
24546